000 00417nam a2200145Ia 4500
008 090124s9999 xx 000 0 und d
082 _b134665
245 _a चांदण्यातील धग
250 _a1
260 _bपोरे सुरेश
_c2006
300 _a168
630 _a चांदण्यातील धग
730 _a चांदण्यातील धग
942 _cBOOK
999 _c194017
_d194017